00899cam a2200313 a 450000100060000000300100000600500170001600700020003300800410003502000150007604000360009104100080012704300120013508200260014708400120017310000370018524500540022225000180027626400470029430000280034133600260036933700280039533800270042349000270045065000190047765000300049665000320052683000270055860502CO-BoRNBP20260217152928.0t971118s1993 sp r 00011 spa d a8447300331 aCO-BoBLAbspadCO-BoBLAerdac0 aspa ae-sp---04a863.6 bM85i 218 ed. aN MUÑ1 aMuñoz Molina, Antonio, d1956-13aEl invierno en Lisboa / cAntonio Muñoz Molina. a1a. edición aBarcelona :bEditorial Seix Barral,c1993. a187 páginas :c22 cm. atextbtxt2rdacontent aunmediatedbn2rdamedia avolumebnc2rdacarrier1 aNarrativa actual ;v34 7aAmor.2BLAAUTO 7aIntrigavNovela.2BLAAUTO 7aNovela española.2BLAAUTO 0aNarrativa actual ;v34